A book about your skeleton / (Record no. 7232)

MARC details
000 -LEADER
fixed length control field 00983nam a22003137a 4500
001 - CONTROL NUMBER
control field 7232
003 - CONTROL NUMBER IDENTIFIER
control field FISKH
005 - DATE AND TIME OF LATEST TRANSACTION
control field 20250703103855.0
008 - FIXED-LENGTH DATA ELEMENTS--GENERAL INFORMATION
fixed length control field 250703b cb ||||| |||| 00| 0 eng d
020 ## - INTERNATIONAL STANDARD BOOK NUMBER
International Standard Book Number 9780590483124
040 ## - CATALOGING SOURCE
Original cataloging agency FISKH
Language of cataloging eng
Transcribing agency FISKH
Modifying agency FISKH
050 ## - LIBRARY OF CONGRESS CALL NUMBER
Classification number QM101 .G74
082 ## - DEWEY DECIMAL CLASSIFICATION NUMBER
Classification number 611.71
100 ## - MAIN ENTRY--PERSONAL NAME
Personal name Gross, Belov Ruth
Dates associated with a name (1929-)
245 ## - TITLE STATEMENT
Title A book about your skeleton /
Statement of responsibility, etc. By Ruth Belov Gross ; Illustrated by Steve Bjorkman
250 ## - EDITION STATEMENT
Edition statement This edition first published in 1994
260 ## - PUBLICATION, DISTRIBUTION, ETC.
Place of publication, distribution, etc. New York :
Name of publisher, distributor, etc. Scholastic,
Date of publication, distribution, etc. 1978
300 ## - PHYSICAL DESCRIPTION
Extent 39 pages :
Other physical details color illustrations ;
Dimensions 23 cm
490 ## - SERIES STATEMENT
Series statement Hello reader
Volume/sequential designation Level 4
505 ## - FORMATTED CONTENTS NOTE
Formatted contents note P<br/>
520 ## - SUMMARY, ETC.
Summary, etc. Explains in simple language the structure, movement, growth, and purpose of our skeleton.<br/>
521 8# - TARGET AUDIENCE NOTE
Target audience note 650<br/>
Source Lexile<br/>
521 8# - TARGET AUDIENCE NOTE
Target audience note P<br/>
Source Raz-Plus<br/>
650 ## - SUBJECT ADDED ENTRY--TOPICAL TERM
Source of heading or term Anatomy
Topical term or geographic name entry element Science
650 ## - SUBJECT ADDED ENTRY--TOPICAL TERM
Source of heading or term Skeleton
Topical term or geographic name entry element Human body
700 ## - ADDED ENTRY--PERSONAL NAME
Personal name Bjorkman, Steve
Dates associated with a name illustrator
942 ## - ADDED ENTRY ELEMENTS (KOHA)
Source of classification or shelving scheme Dewey Decimal Classification
Koha item type Books
Suppress in OPAC No
Holdings
Withdrawn status Lost status Source of classification or shelving scheme Damaged status Not for loan Collection Home library Current library Shelving location Date acquired Total Checkouts Full call number Barcode Date last seen Copy number Price effective from Koha item type
    Dewey Decimal Classification     Juvenile Fiction Footprints International School Library Network Toul Tom Poung Campus Footprints International School Library Network Toul Tom Poung Campus TTP Primary Orange Bookshelves 07/03/2025   GRO 611.71 QM101 .G74 FISBK02809 07/03/2025 1 07/03/2025 Books